000 00903nam a2200325Ia 4500
008 170203s9999 xx 000 0 und d
020 _a0-439704642
050 _aFic
050 _bJ33p
100 _aAuch, Mary Jane.
245 _aPoultrygeist /
245 _cby Mary Jane and Herm Auch.
260 _aNew York :
260 _bScholastic,
260 _c2004
300 _a1 volume (unpaged) :
300 _bcolor illustrations ;
300 _c29 cm
500 _a"This edition is only available for distribution through the school market."--Page 4 of cover.
650 _aBehavior --
650 _aDomestic animals --
650 _aHalloween --
650 _aPoltergeists --
650 _aRoosters --
650 _xJuvenile fiction.
650 _xJuvenile fiction.
650 _xJuvenile fiction.
650 _xJuvenile fiction.
650 _xJuvenile fiction.
999 _c306305
_d306305